00923nam a22002177a 450000500170000001000150001702000270003203500130005903700130007208200180008510000150010324502020011825000320032026000300035227000930038230000290047550000190050494200320052399900190055595201310057420161206100030.0 aENG-116299 a9789350357521c1495.00 aEN-99831 bDBAD/PUB a347.540502468 aJain, M.P. aThe code of civil procedure :cby M.P.Jainbincorporating the commercial courts, commercial division and Commercial Appellate Division of High Courts Act 2015 as applicable to commercial disputes / a4th. ed by Medha Kolhatkar aGurgaonbLexisNexisc2016 a14th Floor, Building No.10, Tower-B, DLF Cyber City, Phase-IIbGurgaon (Haryana)e122002 acxIviii,1937p.c24cm(Hb) aIncludes index 2ddccENmJAIh347.540502468 c104230d104230 001040718NFICaDBADbBNd2016-10-25eDBAD/PUBg1495.00l0o347.540502468 JAIpEN-99831r2016-10-25 00:00:00t1v1495.00yEN